000 01381nac a22003011u 4500
010 _a 2005012263
020 _a0071461051 (pbk. : alk. paper)
082 0 0 _a332.63228
_bALE
090 _c6405
_d6405
100 _aAlexander, Colin,
245 1 0 _aStreetsmart guide to timing the stock market :
_bwhen to buy, sell, and sell short /
_cColin Alexander.
246 3 0 _aTiming the stock market
250 _a2nd ed.
260 _aNew York :
_bMcGraw-Hill,
_c2006.
300 _axiv, 364 p. :
_bill. ;
_c23 cm.
500 _aIncludes indexes.
500 _aDistributer: Al-Ahram.
511 _aCatalogued By: Mahitab.
650 0 _aFutures.
650 0 _aStocks.
650 0 _aInvestment analysis.
856 4 1 _3Table of contents only
_uhttp://www.loc.gov/catdir/toc/ecip0511/2005012263.html
856 4 1 _3Contributor biographical information
_uhttp://www.loc.gov/catdir/enhancements/fy0622/2005012263-b.html
856 4 1 _3Publisher description
_uhttp://www.loc.gov/catdir/enhancements/fy0622/2005012263-d.html
942 _cBB
_k332.63228
999 _c6405
_d6405